Catálogo

Vista normal Vista MARC

Entrada Personal Name

Número de registros utilizados en: 1

001 - CONTROL NUMBER

  • control field: 10753

003 - CONTROL NUMBER IDENTIFIER

  • control field: DLC

005 - DATE AND TIME OF LATEST TRANSACTION

  • control field: 20200312154246.0

008 - FIXED-LENGTH DATA ELEMENTS

  • fixed length control field: 141009n| azannaabn |a aaa c

010 ## - LIBRARY OF CONGRESS CONTROL NUMBER

  • LC control number: no2014133529

035 ## - SYSTEM CONTROL NUMBER

  • System control number: (OCoLC)oca09983379

040 ## - CATALOGING SOURCE

  • Original cataloging agency: NcU
  • Language of cataloging: spa
  • Description conventions: rda
  • Transcribing agency: Mx-PuUPA

046 ## - SPECIAL CODED DATES

  • Birth date: 1968

100 1# - HEADING--PERSONAL NAME

  • Personal name: Istvansch,
  • Dates associated with a name: 1968-

370 ## - ASSOCIATED PLACE

  • Place of birth: Madrid (Spain)
  • Associated country: Argentina
  • Place of residence/headquarters: Buenos Aires (Argentina)
  • Other associated place: Santa Fe (Argentina : Province)

374 ## - OCCUPATION

  • Occupation: Illustrators
  • Occupation: Authors
  • Occupation: Designers
  • Source of term: lcsh

375 ## - GENDER

  • Gender: man

377 ## - ASSOCIATED LANGUAGE

  • Language code: spa

400 1# - SEE FROM TRACING--PERSONAL NAME

  • Personal name: Schritter, Istvan,
  • Dates associated with a name: 1968-

670 ## - SOURCE DATA FOUND

  • Source citation: ¿Quién soy?, 2013:
  • Information found: title page (Istvansch)

670 ## - SOURCE DATA FOUND

  • Source citation: Argentina Alfaguara Infantil WWW page 9 October 2014:
  • Information found: Istvansch (Istvansch (Istvan Schritter) b. 1968 in Madrid, lives in Buenos Aires and he considers himself a Santafecino, from the city of San Jorge by adoption; illustrator, designer, and writer of his own texts; some ofhis books include El ratón más famoso, Ideas claras de Julito enamorado, Todo el dinero del mundo, Federica aburrida and Abel regala soles; with María Teresa Andruetto, he developed Trenes and La durmiente; has won literary awards)

670 ## - SOURCE DATA FOUND

  • Source citation: Abel regala soles, © 2009:
  • Information found: title page (Istvansch) de portada

670 ## - SOURCE DATA FOUND

  • Source citation: Biblioteca del congreso (Estados Unidos), 12 marzo 2020:
  • Information found: Catálogo electrónico
  • Uniform Resource Identifier: http://bit.ly/2QcVb7z